Quizzes
Events
Quiz Creation
Community
Videos
Private Events
Remove Ads
Sign In
Join for FREE
Feedback
Dark Mode
Quiz Categories
Sports
Geography
Music
Movies
Television
Just For Fun
Miscellaneous
History
Literature
Language
Science
Gaming
Entertainment
Religion
Holiday
For Kids
Quiz Lab
Recent
Popular Today
Quiz Kudos Today
Editor Picks
Curator Picks
Quizzes by...
Day
Popularity
Type
Ratings
Length
Year
Community
Subscriptions
Recent Discussions
Orange Saloon
Badges
Playlists
Quests
Create
Leaderboards
Showdown
Live 5
Trivia Bingo
Activity
Puzzle Library
Sporcle Events
Private Events
Virtual Trivia
Globe League
Become a Host
Pub Owners
SporcleCon
Opinionation
Our Games
Videos
Blog
Mobile Apps
Partnerships
Remove Ads and Go Orange
Feedback
Music
Pop Music
The Beatles
Song
Album
Lyrics
Bands
Singers
Artist
Clip
Rock
Rap
Classical
Billboard
Country Music
Kpop
Taylor Swift
Music
Pop Music
The Beatles
Song
Album
Lyrics
Bands
Singers
Artist
Clip
Rock
Rap
Classical
Billboard
Country Music
Kpop
Taylor Swift
Random Quiz
Search Sporcle
×
Quiz Lab
Quiz Lab
Music
Lyrics
Type in answers that appear in a list
Type in answers that appear in a list
Classic
Best Score? Go Orange.
Guess the Lyrics (TV theme) Stats
Can you name the Guess the Lyrics?
By
ChelseaJo
5m
111 Questions
166 Plays
166 Plays
166 Plays
Comments
Comments
Give Quiz Kudos
Give Quiz Kudos
-
- Ratings
hide this ad
Replay
Link that replays current quiz
Next Quiz
Link to next quiz in quiz playlist
You Got
0%
They Got
Avg Score
48%
Avg Friend Score
Upgrade to see
Score Distribution
Jump to the score distribution portion of the page
Score
0/111
Timer
05:00
0
Plays Today
TV theme song
% Correct
the
95.2%
a
95.2%
the
95.2%
the
95.2%
a
95.2%
the
95.2%
the
95.2%
and
95.2%
a
95.2%
a
95.2%
the
95.2%
the
95.2%
The
95.2%
the
95.2%
the
95.2%
The
95.2%
we
70.5%
we
70.5%
in
69.9%
it
67.5%
of
60.8%
of
60.8%
of
60.8%
of
60.8%
of
60.8%
who
58.4%
who
58.4%
when
58.4%
that
51.8%
this
50.6%
this
50.6%
All
49.4%
they
49.4%
were
49.4%
all
49.4%
they
49.4%
were
49.4%
TV theme song
% Correct
all
49.4%
they
49.4%
all
49.4%
all
49.4%
one
48.8%
one
48.8%
was
44.6%
was
44.6%
was
44.6%
day
44%
like
43.4%
them
42.2%
their
41.6%
man
41%
up
40.4%
with
39.8%
had
39.2%
would
38.6%
family
38.6%
story
37.3%
story
37.3%
way
37.3%
way
37.3%
his
36.7%
than
36.1%
Here's
35.5%
lady
35.5%
Here's
35.5%
own
35.5%
lady
35.5%
lovely
34.9%
lovely
34.9%
Brady
34.9%
Brady
34.9%
Brady
34.9%
Brady
34.9%
Brady
34.9%
TV theme song
% Correct
three
34.3%
girls
34.3%
named
34.3%
three
34.3%
more
34.3%
very
33.7%
hair
33.1%
boys
33.1%
gold
32.5%
curls
32.5%
mother
31.9%
youngest
31.9%
met
31.9%
knew
31.3%
Bunch
31.3%
Bunch
31.3%
Bunch
31.3%
Bunch
31.3%
bringing
30.7%
much
30.7%
together
30.1%
fellow
30.1%
alone
29.5%
That's
29.5%
became
29.5%
That's
29.5%
became
29.5%
four
28.9%
living
28.9%
men
28.3%
hunch
28.3%
form
27.1%
yet
26.5%
group
25.9%
somehow
24.7%
busy
24.1%
Till
21.7%
Quiz Playlist
Details
Report
Send in Message
Add To Playlist
Classic:
Type in answers that appear in a list
Last Updated: Feb 16, 2017
Quiz Scoreboard
CHALLENGE
Sign Up to Join the Scoreboard
Show All
Scores
Hide
Comments
May contain spoilers
Recently Published
Decade Duel: World Leaders
by jenniferyan
History
4m
Alphabetical 'K' Countries by Flag Minefield
by ylime102
Geography
3m
Pick 6: Fruits
by JohnFran
Miscellaneous
15s
More to Explore
Quiz From the Vault
Featured Blog Post
15 Basketball Trivia Facts You Can Be March Mad About
hide this ad
You Might Also Like...
Tags
Lyrics Quiz
Theme Songs
Today's Top Quizzes in Music
Browse Music
hide this ad
Today's Top Quizzes in Lyrics
Browse Lyrics
Top Contributed Quizzes in Music
1
Taylor Swift All Songs (2024)
2
KPOP LOGIC QUIZ
3
Taylor Swift Logic Puzzle
4
Decade Duel: Singer
5
Guess the Taylor Swift song (Mystery Song)
6
A Taylor Swift Logic Puzzle
7
Guess The Taylor Swift Lyrics Song #1
8
kpop group name match up
9
2 word kpop group match
10
K-Pop : 100 Debut Songs (Part 1 of 3)
Explore More
Trending Topics
Kpop
Disney
Harry Potter
Anime
NBA
Crossword
Marvel
NFL
Country
Puzzle
The Office
Pokémon
Soccer
WWE
Song
hide this ad
More By:
ChelseaJo
Quiz
Plays
Rating
Category
Featured
Created
Guess the Lyrics (TV theme)
166
2.00
Music
Dec 19, 2010
Go to Creator's Profile
Score Distribution
Quiz Creator Spotlight
ChelseaJo
Follow
Send a Message
Quizzes Created
-
Created Quiz Play Count
-
More By This Creator
Popular Quizzes Today
1
Countries of Asia Without Outlines Minefield
2
Find the US States - No Outlines Minefield
3
Pick 6: Fruits
4
The Countries of the World
5
Alphabetical 'K' Countries by Flag Minefield
6
Find the Countries of Europe - No Outlines Minefield
7
US States
8
Find the US States
More Music Quizzes
Artist by Popular Spotify Songs IX
Published
Trending Quizzes
Pick 6: Mountains
Pick 6: Harry Potter
Pick 6: Flags
Pick 6: NFL Teams
Pick 6: Movie Franchises
Recently Updated
Adaptations: Name the Title
pecheneg
NWSL Teams
pecheneg
Women's Final Four Teams by Year
bhenderson79
Presidents Quartet II
eogle
Anything But Clue(do)
eogle
Anything But Oceanian Capitals
eogle
Anything But 7
eogle
Anything But Thing
eogle
Word Ladder: February 29
pecheneg
Song Title Questions
pecheneg
Trending Topics
Crossword
Disney
Anime
Marvel
NBA
Harry Potter
Kpop
Soccer
The Office
NFL
WWE
Pokémon
Song
Country
Puzzle
Your Account Isn't Verified!
In order to create a playlist on Sporcle, you need to verify the email address you used during registration. Go to your
Sporcle Settings
to finish the process.
Report this User
Report this user for behavior that violates our
Community Guidelines
.
Details:
Send Report
Go to the Sporcle.com Mobile Site →
Comments